Force to from Navarone (Record no. 2445)

MARC details
000 -LEADER
fixed length control field 00435nam a22001697a 4500
005 - DATE AND TIME OF LATEST TRANSACTION
control field 20260408155657.0
008 - FIXED-LENGTH DATA ELEMENTS--GENERAL INFORMATION
fixed length control field 160613b xxu||||| |||| 00| 0 eng d
020 ## - INTERNATIONAL STANDARD BOOK NUMBER
ISBN 978-0-00-722631-3
041 ## - LANGUAGE CODE
Language code of text/sound track or separate title eng
082 ## - DEWEY DECIMAL CLASSIFICATION NUMBER
Classification number 823.914
100 ## - MAIN ENTRY--AUTHOR NAME
Personal name Maclen, Alistair
245 ## - TITLE STATEMENT
Title Force to from Navarone
260 ## - PUBLICATION, DISTRIBUTION, ETC. (IMPRINT)
Place of publication Noida
Name of publisher Harper collins Publishees,
300 ## - PHYSICAL DESCRIPTION
Number of Pages 325
650 ## - SUBJECT ADDED ENTRY--TOPICAL TERM
Topical Term Modern English-language fiction
942 ## - ADDED ENTRY ELEMENTS (KOHA)
Koha item type Books
Holdings
Lost status Damaged status Collection code Home library Current library Shelving location Date acquired Cost, normal purchase price Full call number Accession Number Koha item type
    LIFE SKILL JRU Library JRU Library SHELF-101-E 13/06/2016 175.00 823.914 7009 Books